000 00599nam a2200217 a 4500
008
020 _a087901094X (hbk.)
049 _aMAIN
090 _aQC21.2 TIP
100 1 _aTipler, Paul Allen.
245 1 0 _aPhysics.
_nVolume 1 /
_cPaul A. Tipler.
260 _aNew York :
_bWorth Publishers,
_cc1976.
300 _axxvi, 1026 p. :
_bill.(some col.) ;
_c29 cm.
500 _aIncludes index.
650 0 _aPhysics.
907 _a.b10125218
_b07-03-22
_c07-06-04
003
005 20230123134327.0
040 _cNUST
942 _cBOOKS
_kQC21.2 TIP
999 _c163970
_d163970